[Event "SLO-chT3 West"]
[Site "Komenda"]
[Date "2022.12.10"]
[Round "2.3"]
[White "Stimec, Marjan"]
[Black "Alagic, Islam"]
[Result "1-0"]
[WhiteElo "1749"]
[BlackElo "1708"]
[PlyCount "57"]
[EventDate "2022.12.09"]
[EventType "team-swiss"]
[EventRounds "5"]
[EventCountry "SLO"]
[SourceTitle "EXT 2024"]
[Source "ChessBase"]
[SourceDate "2023.10.10"]
[SourceVersion "1"]
[SourceVersionDate "2023.10.10"]
[SourceQuality "1"]
[WhiteTeam "Ljubljana Karel Jeraj"]
[BlackTeam "Jesenice Acroni II"]
[WhiteTeamCountry "SLO"]
[BlackTeamCountry "SLO"]

1. e4 e5 2. Nf3 Nc6 3. Bc4 h6 4. Nc3 a6 5. a3 Bc5 6. d3 d6 7. h3 Nf6 8. Be3 Nd4 9. Bxd4 exd4 10. Ne2 d5 11. exd5 Nxd5 12. Qd2 Nf6 13. 0-0-0 0-0 14. g4 b5 15. Ba2 Bb7 16. Neg1 Bb6 17. g5 hxg5 18. Qxg5 Nh7 19. Qg3 Qf6 20. h4 Rac8 21. Rh3 c5 22. Ne2 Qxf3 23. Qxf3 Bxf3 24. Rxf3 c4 25. dxc4 bxc4 26. Nxd4 Rfd8 27. Nf5 Rxd1+ 28. Kxd1 Nf6 29. Ne7+ 1-0